000 00888nas a2200289 4500
001 BR9704690
003 BR-BrBNA
005 20231205100542.0
007 ta
008 230509b bl.|||p| |||| 00| 00por d
040 _aBR-BrBNA
_bpor
_cBiblioteca Nacional de Agricultura
041 _a(Pt)
072 _aH20
100 1 _aGoes, A. de
100 1 _aKimati, H.
245 1 _aCaracterizacao patogenica de isolados de Colletotrichum acutatum e de Colletotrichum gloeosporioides, obtidos de plantas citricas
650 _aFruta Citrica
650 _aAntracnose
650 _aPatogenicidade
650 _aInoculacao
650 _aEstufa
650 _aIsolamento
650 _aControle Biologico
773 0 _tSumma Phytopathologica (Brazil)
_xISSN 0100-5405
_g(Jan-Mar 1997), v. 23(1) p. 10-14
_wBR9704690
909 _a202311
_bLúcia
_c55
_dLúcia Elande
942 _2AGRIS
_n0
_cANA
999 _c156644
_d156644